000
00285nam a2200121Ia 4500
008
190216s9999||||xx |||||||||||||| ||und||
100
_a
Shakespere
245
0
_a
Dr.Johnson On Shakespeare
260
_b
Penguin Books
_c
1969
300
_a
155p
650
_a
English General
942
_c
BK
999
_c
12296
_d
12296